Culture Générale - Série 996 - Statistiques

Statistiques générales
  • Ce quiz a été pris 138 fois
  • Le résultat moyen est 5 sur 10
Statistiques - réponses
Question Réponse % Correct
Dans la plupart des restaurants, en fin de repas, on doit choisir entre "fromage ou... dessert
97%
Quel acteur prénommé John, a "La Fièvre du Samedi soir" dans un film sorti en 1977 ? John Travolta
93%
Quel anglicisme, tiré du verbe signifiant "refaire le mixage sonore", désigne la réorchestration d'un morceau déjà enregistré ? remix
72%
Quelle fête religieuse juive a donné son nom, à la guerre israélo-arabe, d'octobre 1973 ? Kippour
64%
D'après le titre du film d'Alfred Lot sorti en 2010, Michel Blanc traverse "une petite zone de... turbulences
50%
Dans le titre d'un film de Jean Yanne, à quel plat sont associées la liberté et l'égalité ? la choucroute
35%
Dans quelle série télévisée Isabelle Nanty joue-t-elle le rôle d'une avocate, prénommée Gabrielle ? Munch
29%
Dans quel film sorti en 2009 Audrey Tautou incarne-t-elle Gabrielle Chanel ? Coco avant Chanel
27%
Quel monument de Paris, érigé en 1810, a été réalisé à partir de 1 200 canons de bronze fondus ? colonne Vendôme
16%
Dans quelle série télévisée Thomas Jouannet joue-t-il le rôle de Thomas Adam ? Contact
3%
Aucun quiz correspondant
Distribution des résultats
% des personnes avec chaque résultat
Percentile par nombre de réponses
Votre historique - résultats
Vous n’avez pas pris ce quiz